Investigación sobre praderas de Chile
Uloženo v:
| Hlavní autoři: | , |
|---|---|
| Médium: | Kniha |
| Jazyk: | španělština |
| Vydáno: |
Santiago
Pontificia Universidad Católica de Chile
1982
|
| Vydání: | 1a. ed |
| Témata: | |
| Tagy: |
Přidat tag
Žádné tagy, Buďte první, kdo vytvoří štítek k tomuto záznamu!
|
MARC
| LEADER | 00000cam a2200000 a 4500 | ||
|---|---|---|---|
| 001 | UCQ0129 | ||
| 003 | CL-VaPUC | ||
| 008 | 980619e19820000CL |||||||||||||||||spa|d | ||
| 082 | 0 | 4 | |a 633.2 |b PAL |2 21 |
| 100 | |a Paladines Mosquera, Osvaldo |e autor |9 413156 | ||
| 700 | 0 | |a Muñoz R., Gaby |e author |9 413157 | |
| 245 | 1 | 0 | |a Investigación sobre praderas de Chile |
| 250 | |a 1a. ed | ||
| 300 | |a 166 p | ||
| 942 | |c BK | ||
| 945 | |d 19980619 00:00:00 |a mvenant | ||
| 260 | |a Santiago |b Pontificia Universidad Católica de Chile |c 1982 | ||
| 650 | 7 | |a PRADERAS |2 CL-VaPUC |9 264231 | |
| 650 | 0 | |a Agricultura de praderas |9 264230 | |
| 650 | 0 | |a Investigación |9 257811 | |
| 651 | 7 | |a CHILE |2 CL-VaPUC |9 413158 | |
| 583 | |a last modification |c 20160422 12:26:25 |k Rodrigo Vera | ||
| 999 | |c 271280 |d 271278 | ||